00876nam a2200253Ia 450000500170000000800410001702000290005804000190008704100120010608200150011810000230013324500810015626000450023730000120028250400190029465000140031365100210032770000170034885000110036594200070037699900160038395201180039995201050051720240307112130.0131103s9999 xx 000 0 und d aSBN 34006941 4c20 s net aLoreto College aEnglish a371.4bDAV aDavies, Bernard D. 4aThe Social Education of the Adolescent, cBernard D. Davies and Alan Gibson aLondonbUniversity of London Pressc1967 a256 p.  aIncludes index aEducation aSocial Education aGibson, Alan aLCLIB  cBK c2869d53348 00102ddc4070aMAINbMAINd2013-11-04l1o371.4 DAV 15390pB26107r2023-12-01s2023-11-24w2013-11-04yBKf 00102ddc4070aMAINbMAINd2013-11-04l0o371.4 DAV 17896 pB2730r2013-11-04w2013-11-04yBKf